000 00299nam a22001337a 4500
008 170421b xxu||||| |||| 00| 0 eng d
020 _a9781429246460
041 _aeng
080 _29TH
_a573
100 _a11
101 _aSHM
245 _aLIFE/ THE SCIENCE OF BIOLOGY
_cSADAVA
942 _2udc
_cBK
999 _c11469
_d11469